My desk is my castle : exploring personalisation cultures (Record no. 231687)
[ view plain ]
| 000 -LEADER | |
|---|---|
| fixed length control field | 00462nam a2200157Ia 4500 |
| 005 - DATE AND TIME OF LATEST TRANSACTION | |
| control field | 20241121160737.0 |
| 008 - FIXED-LENGTH DATA ELEMENTS--GENERAL INFORMATION | |
| fixed length control field | 231221s9999 xx 000 0 und d |
| 020 ## - INTERNATIONAL STANDARD BOOK NUMBER | |
| International Standard Book Number | 9783034607742 |
| 082 ## - DEWEY DECIMAL CLASSIFICATION NUMBER | |
| Classification number | 747.85 BRA;1 R |
| 100 ## - MAIN ENTRY--PERSONAL NAME | |
| Personal name | Brandes, Uta. Erlhoff, Michael. |
| 245 #0 - TITLE STATEMENT | |
| Title | My desk is my castle : exploring personalisation cultures |
| 260 ## - PUBLICATION, DISTRIBUTION, ETC. (IMPRINT) | |
| Date of publication, distribution, etc. | 2011 |
| Name of publisher, distributor, etc. | Birkhauser |
| Place of publication, distribution, etc. | Basel |
| 300 ## - PHYSICAL DESCRIPTION | |
| Extent | 319 |
| 650 ## - SUBJECT ADDED ENTRY--TOPICAL TERM | |
| Topical term or geographic name as entry element | My,desk,my,castle,personalisation,cultures |
| 942 ## - ADDED ENTRY ELEMENTS (KOHA) | |
| Koha item type | Arch Books |
| Date last seen | Total Checkouts | Full call number | Accession number | Old discount | Cost, replacement price | Price effective from | Category | Lost status | Source of classification or shelving scheme | Damaged status | Department | Withdrawn status | bill no. | Permanent Location | Current Location | Shelving location | Entry date | Vendor | Cost, normal purchase price | Grants | Currency symbol | Conversion rate | Discount | Discount type |
|---|---|---|---|---|---|---|---|---|---|---|---|---|---|---|---|---|---|---|---|---|---|---|---|---|
| 26/01/2024 | 747.85 BRA;1 R | AR275 | 28 | 1904.72 | 26/01/2024 | Arch Books | Dewey Decimal Classification | 4024:I | Central Library | Central Library | Central Library | 16/03/2016 | Sri Book World | 32.95 | ARCH | EURO | 80.3 | 9.23 | Rupees |
